000 00624cam a22002053a 4500
001 46006
003 PGUSA
005 20140828084056.0
008 140616s2014||||xxu|||||s|||||000 | eng d
040 _aPGUSA
_beng
042 _adc
100 1 _aSparre, Christian,
_d1859-1940
245 1 4 _aThe Black Tortoise :
_bBeing the Strange Story of Old Frick's Diamond
_h[electronic resource] /
_cChristian Sparre
260 _bProject Gutenberg,
_c2014
506 _aPublic domain in the USA.
516 _aElectronic text
830 0 _aProject Gutenberg
_v46006
856 4 0 _uhttp://www.gutenberg.org/ebooks/46006
942 _cEB
999 _c275255
_d275255